| 000 | 00581nam a2200145Ia 4500 | ||
|---|---|---|---|
| 008 | 151213s9999 xx 000 0 und d | ||
| 100 | _aঅনঁ ঞধযবৎ গড়লঁসফবৎ | ||
| 245 |
_aউবসড়হং ঙভ ঞযব ঋষধম ড়ভ খরভব _cঅনঁ ঞধযবৎ গড়লঁসফবৎ |
||
| 260 |
_aঢাকা _bঅহশঁৎ চৎড়শধংযধহর _c2004 |
||
| 300 | _a8427 p. | ||
| 650 | _aBangla | ||
| 650 | _aBengali Literature | ||
| 700 | _aঅনঁ ঞধযবৎ গড়লঁসফবৎ | ||
| 999 |
_c4265 _d4265 |
||